000 00984nam a2200265 a 4500
001 BRCA_1032
005 20190320203241.0
008 061226s2005 mx-a---##b---#000-0#spa-c
020 _a9707860022
041 _aspa
044 _amx
050 4 _aJL1293.M4
_b.E46 2005
100 1 _aEmmerich, Gustavo Ernesto
_93395
245 1 0 _aLas elecciones en la Ciudad de México, 1376-2005
_cGustavo Ernesto Emmerich, coordinador.
260 _aMéxico
_bInstituto Electoral del Distrito Federal : UAM
_c2005
300 _a419 p.
_bil.
_c22 cm.
500 _aIncluye guía de ilustraciones
500 _aIlustración de cubierta: Caja para elecciones conventuales, 1779. Pieza de la colección
504 _aBibliografía: p. 413-415
650 1 4 _aElecciones
_xHistoria
_zMéxico
_93396
650 1 4 _aPartidos políticos
_xHistoria
_zMéxico
_93397
650 1 4 _aPresidentes
_vElecciones
_xHistoria
_zMéxico
_93398
651 4 _aCiudad de México
_xPolítica y gobierno
_93399
942 _2lcc
_cB
999 _c911
_d911